The Sublime Myth Of Rama: (Record no. 201985)
[ view plain ]
| 000 -LEADER | |
|---|---|
| fixed length control field | 00794 a2200229 4500 |
| 005 - DATE AND TIME OF LATEST TRANSACTION | |
| control field | 20240408161700.0 |
| 008 - FIXED-LENGTH DATA ELEMENTS--GENERAL INFORMATION | |
| fixed length control field | 090306t xxu||||| |||| 00| 0 eng d |
| 010 ## - LCCN (DPL NO) | |
| LC control number | ENG-140075-78 |
| 020 ## - INTERNATIONAL STANDARD BOOK NUMBER | |
| International Standard Book Number | 9788121513333(Set of 4 volumes) |
| Terms of availability | 6000.00 |
| 035 ## - SYSTEM CONTROL NUMBER | |
| System control number | EN-123607-610 |
| 037 ## - SOURCE OF ACQUISITION | |
| Source of stock number/acquisition | DBAD |
| 050 ## - LIBRARY OF CONGRESS CALL NUMBER | |
| DPL Classification number | 230.1 |
| 082 ## - DEWEY DECIMAL CLASSIFICATION NUMBER | |
| Classification number | 230.1 |
| Edition number | 1 |
| 100 ## - MAIN ENTRY--PERSONAL NAME | |
| Personal name | Prithpaul, K.D |
| 9 (RLIN) | 64415 |
| 245 ## - TITLE STATEMENT | |
| Title | The Sublime Myth Of Rama: |
| Remainder of title | As Told by Valmiki and Tulasidasa/ |
| Statement of responsibility, etc | By K.D Prithpaul |
| 250 ## - EDITION STATEMENT | |
| Edition statement | 1 |
| 260 ## - PUBLICATION, DISTRIBUTION, ETC. (IMPRINT) | |
| Place of publication, distribution, etc | New Delhi |
| Name of publisher, distributor, etc | Munshiram Manoharlal Publishers |
| Date of publication, distribution, etc | 2007 |
| 270 ## - ADDRESS | |
| Address | Post Box No. 5715, 54 Rani Jhansi Road,New Delhi-110055 |
| City | New Delhi |
| Postal code | 110055 |
| 300 ## - PHYSICAL DESCRIPTION | |
| Extent | xxix,1996p. |
| Dimensions | 22cm(Hb) |
| 490 ## - SERIES STATEMENT | |
| Series statement | Set of 4 Volumes |
| Volume number/sequential designation | Vol 1,Vol 2,Vol 3,Vol 4 |
| 942 ## - ADDED ENTRY ELEMENTS (KOHA) | |
| Institution code [OBSOLETE] | dpl |
| Item type | English Books |
| Source of classification or shelving scheme | Dewey Decimal Classification |
| Classification part | 230.1 |
| Call number suffix | PRI |
| Edition | 1 |
| Withdrawn status | Lost status | Source of classification or shelving scheme | Materials specified (bound volume or other part) | Damaged status | Not for loan | Collection code | Home library | Current library | Date acquired | Source of acquisition | Cost, normal purchase price | Total Checkouts | Full call number | Barcode | Date last seen | Copy number | Cost, replacement price | Koha item type |
|---|---|---|---|---|---|---|---|---|---|---|---|---|---|---|---|---|---|---|
| Dewey Decimal Classification | Vol- 1 | Non-fiction | Bawana | Bawana | 08/04/2024 | DBAD | 1500.00 | 230.1 PRI | EN-123607 | 08/04/2024 | 1 | 1500.00 | English Books | |||||
| Dewey Decimal Classification | Vol- 2 | Non-fiction | Bawana | Bawana | 08/04/2024 | DBAD | 1500.00 | 230.1 PRI | EN-123608 | 08/04/2024 | 1 | 1500.00 | English Books | |||||
| Dewey Decimal Classification | Vol- 3 | Non-fiction | Bawana | Bawana | 08/04/2024 | DBAD | 1500.00 | 230.1 PRI | EN-123609 | 08/04/2024 | 1 | 1500.00 | English Books | |||||
| Dewey Decimal Classification | Vol- 4 | Non-fiction | Bawana | Bawana | 08/04/2024 | DBAD | 1500.00 | 230.1 PRI | EN-123610 | 08/04/2024 | 1 | 1500.00 | English Books |
